000 01016nam a2200229 i 4500
001 164995
003 ES-MaACL
005 20230906213040.0
008 050811s1743 ne |||| | lat d
100 1 _aSchwencke, Thomas.
_9132583
245 1 0 _aThomae Schwencke ... Haematologia sive Sanguinis historia, experimentis passim superstructa
_b: accedit observatio anatomica de acetabuli ligamento interno, caput femoris firmante, cum binis Tabulis adjectis.
246 3 0 _aHaematologia sive Sanguinis historia
260 _aHagae Comitum :
_bapud Joh. Mart. Husson,
_c1743.
300 _aXVI, 217 p., [2] en bl., [2] h. pleg. de grab. ;
_c8º.
530 _aDisponible en formato digital.
597 _aSign.: *\p8\s, A-N\p8\s, O\p6\s.
650 4 _aHematología.
_913300
650 0 4 _aSangre.
_916981
752 _aHolanda -
_dLa Haya
852 _aES-MaACL
_jR-1081
_z- Enc. hol.
_xOlim: G-9585
856 _uhttps://reader.digitale-sammlungen.de/resolve/display/bsb11269764.html
_zBavarian State Library
999 _c164995
_d164995